Pays avec les meilleurs Passeports - Statistiques

Statistiques générales
  • Ce quiz a été pris 78 fois
  • Le résultat moyen est 21 sur 30
Statistiques - réponses
# Pays % Correct
174 France
100%
174 Allemagne
94%
174 Suisse
94%
175 Espagne
93%
174 Norvège
90%
174 Suède
88%
174 Italie
87%
174 Japon
85%
174 Finlande
82%
174 Portugal
82%
174 Belgique
81%
174 Grèce
81%
173 Pologne
79%
174 Danemark
78%
174 Pays-Bas
75%
174 Corée du sud
70%
174 Autriche
69%
174 Luxembourg
69%
174 Irlande
67%
172 République Tchèque
63%
173 Slovénie
63%
173 Hongrie
61%
173 Slovaquie
60%
173 Croatie
58%
175 Singapour
54%
172 Roumanie
46%
179 Émirats arabes unis
45%
173 Estonie
45%
172 Malte
36%
174 Malaisie
16%
Aucun quiz correspondant
Distribution des résultats
% des personnes avec chaque résultat
Percentile par nombre de réponses
Votre historique - résultats
Vous n’avez pas pris ce quiz